LEADER 00943nam a2200241 i 4500 001 000000153154 003 CaOOAMICUS 005 20060914000000.0 008 060914s1952 it u000 u fre u 013 $a130495 040 $aSeMil$bita 100 1 $aRegamey, Pie-Raymond,$c.$0(OLS)http://semarc/name/22056 245 10$aArt sacré au 20. siècle? /$cP.-R. Régamey op. 260 $aParis :$bLes Éditions du Cerf,$c1952. 300 $a483 p. ;$c23 cm. 490 0 $aL'art et Dieu 500 $aContiene : Appendices. 650 4$aArte sacra - Sec. 20.-21.$0(OLS)http://semarc/subject/19117 830 2$aL'art et Dieu.$0(OLS)http://semarc/title/21617 850 $aSeMil 852 $aSeMil$W1$xVenegono$y1$m5J VI 70$j105098$B105098$CSeMilBibl$Z2$F114329 $81 996 $6245$aArt sacré au 20. siècle?$9(OLS)http://semarc/title/224006 996 $6260$aParis :$bLes Éditions du Cerf$9(OLS)http://semarc/publisher/29611 LEADER 01001nam a2200241 i 4500 001 000000161553 003 CaOOAMICUS 005 20070522000000.0 008 070522s1978 it u000 u ita u 013 $a138916 040 $aSeMil$bita 100 1 $aChiara, Piero <1913-1988>.$0(OLS)http://semarc/name/15434 245 10$aCon la faccia per terra e altre storie /$cPiero Chiara ; introduzione di Geno Pampaloni. 260 $a[Milano] :$bArnoldo Mondadori Editore,$c1978. 300 $aXIV, 153 p. ;$c19 cm. 490 0 $aOscar Mondadori ;$v829 700 1 $aPampaloni, Geno,$d<1918-2001>.$0(OLS)http://semarc/name/90022 830 0$aOscar ;$v829.$0(OLS)http://semarc/title/8669 850 $aSeMil 852 $aSeMil$W1$xVenegono$y1$m1A I 192$j270893$B112942$CSeMilBibl$Z2$F123434 $81 961 $aOmaggio: Altro 996 $6245$aCon la faccia per terra e altre storie$9(OLS)http://semarc/title/144706 996 $6260$a[Milano] :$bArnoldo Mondadori Editore$9(OLS)http://semarc/publisher/29634